Berlin - Culture générale - Statistiques

Statistiques générales
  • Ce quiz a été pris 11 009 fois
    10 881 depuis la dernière actualisation
  • Le résultat moyen est 11 sur 25
Statistiques - réponses
Information Réponse % Correct
Année de la chute du mur 1989(9 novembre)
99%
Pays dont Berlin-Est était la capitale RDA
76%
Dictateur qui voulait renommer Berlin en Germania Adolf Hitler
74%
Sandwich de fast-food chaud popularisé ici avec salade tomate et oignons Kebab
71%
Royaume qui en fit sa capitale de 1701 à 1871 Royaume de Prusse
71%
Président américain ayant clamé "Ich bin ein Berliner" John F. Kennedy
65%
Nationalité étrangère la plus répandue Turque
65%
Célèbre porte qui faisait partie du mur et qui porte le nom du Land qui entoure Berlin Porte de {Brandebourg}
64%
Couleur de l’hôtel de ville Rouge
63%
Point de passage positionné sur le tracé du mur Checkpoint {Charlie}
55%
Récompense de la Berlinale {Ours} d'or
49%
Bâtiment institutionnel qui brûla une nuit de 1933 Palais du {Reichstag}
49%
L'un des deux clubs professionnels de football à Berlin Hertha BSC / 1. FC Union Berlin
45%
Épice ajoutée aux saucisses pour qu'elles soient traditionnelles ici Curry
43%
Ce qu'est un "Berliner" en plus d'être le gentilé (aussi appelé "boule de Berlin") Beignet
39%
Nom du métro de Berlin U-Bahn
36%
Film (2003), qui met en scène une famille prête à reconstituer le Berlin communiste pour leur mère Good Bye, Lenin!
32%
Ville limitrophe qui accueille le palais de Sanssouci Potsdam
21%
Rivière qui traverse la ville Sprée
19%
Despote éclairé ami de Voltaire Frédéric II
16%
Chanteuse punk et new-wave aux voix particulières Nina {Hagen}
16%
École d'architecture et d'arts fermée après son déménagement à Berlin par les nazis en 1933 Bauhaus
15%
Musicien britannique (1947-2016) qui y a produit sa "trilogie berlinoise" (Low, "Heroes", Lodger) David Bowie
15%
Actrice et femme fatale dans Morocco (1930) ou Shanghai Express (1932) Marlene Dietrich
15%
Maire de la ville puis chancelier, prix Nobel de la paix 1971 pour s'être rapproché de l'est Willy Brandt
15%
Aucun quiz correspondant
Distribution des résultats
% des personnes avec chaque résultat
Percentile par nombre de réponses
Votre historique - résultats
Vous n’avez pas pris ce quiz depuis la dernière actualisation